000 007270000a22002050004500
005 20081029122336.0
008 081029t xxu||||| |||| 00| 0 eng d
010 _aENG-84342
020 _a8178792001
020 _c800.00 (hb)
035 _aEN-67875
082 _a796.07
245 _aElements of physical education /
_cedited and compiled by Sharad Chandra Mishra
260 _aNew Delhi
_bSports Publication
260 _c2006
300 _a432p
_c22cm
700 _aMishra, Sharad Chandra
_ced & comp
942 _2ddc
_cEN
_h796.07
_mELE
999 _c17680
_d17680